[Event "US Juniors 2013"]
[Site "Saint Louis USA"]
[Date "2013.06.21"]
[Round "7.4"]
[White "Liou,Y"]
[Black "Harmon,L"]
[Result "1-0"]
[WhiteElo "2385"]
[BlackElo "2340"]

1.e4 e6 2.d4 d5 3.Nd2 Nc6 4.Ngf3 Nf6 5.e5 Nd7 6.Bd3 f6 7.Ng5 Ndxe5 8.dxe5 fxg5
9.Qh5+ g6 10.Bxg6+ Kd7 11.c4 Nxe5 12.Bc2 Qf6 13.O-O Bd6 14.b4 Bxb4 15.Rb1 Bd6
16.f4 gxf4 17.Bb2 Rg8 18.Rbe1 Qg5 19.Qxh7+ Kd8 20.Re2 Nxc4 21.Nf3 Qg4 22.Bf6+ Ke8
23.Bf5 Qxg2+ 24.Rxg2 Rxg2+ 25.Kxg2 Ne3+ 26.Kh1 Nxf5 27.Ng5  1-0

[Event "12th TCh-BIH Prem"]
[Site "Sarajevo BIH"]
[Date "2013.06.21"]
[Round "7.5"]
[White "Mehmedovic,M"]
[Black "Nikolic,Pr"]
[Result "0-1"]
[WhiteElo "2225"]
[BlackElo "2612"]

1.e4 e6 2.d4 d5 3.Nd2 Be7 4.Ngf3 c5 5.Bd3 cxd4 6.Nxd4 Nf6 7.O-O Qb6 8.N4f3 Nc6
9.c3 Qc7 10.Qe2 O-O 11.Re1 dxe4 12.Nxe4 Nd5 13.Bc2 h6 14.a3 Rd8 15.Ng3 a5
16.Nh5 a4 17.c4 Nf6 18.Nxf6+ Bxf6 19.Qe4 g6 20.Rb1 Bg7 21.Be3 f5 22.Qh4 g5
23.Qh5 g4 24.Nh4 Qf7 25.Qxf7+ Kxf7 26.f4 Nd4 27.Bd1 Bd7 28.Kf1 Bc6  0-1

[Event "Gold Coast Open 2013"]
[Site "Gold Coast AUS"]
[Date "2013.06.22"]
[Round "1"]
[White "Solomon,SJ"]
[Black "Parker,T"]
[Result "1-0"]
[WhiteElo "2401"]
[BlackElo "1774"]

1.e4 e6 2.d4 d5 3.Nd2 Be7 4.Bd3 c5 5.dxc5 Nf6 6.Qe2 a5 7.Ngf3 Na6 8.Bb5+ Kf8
9.e5 Nd7 10.c6 bxc6 11.Bxc6 Nb4 12.Nd4 Nxc6 13.Nxc6 Qc7 14.Nxe7 Kxe7 15.b3 Qxe5
16.Ba3+ Ke8 17.Qxe5 Nxe5 18.O-O f6 19.Rfe1 Kf7 20.f4 Nc6 21.c4 dxc4 22.Nxc4 Nb4
23.Rad1 Nc2 24.Re2 Nxa3 25.Nxa3 e5 26.Rc1 Ba6 27.Rc7+ Kg6 28.Re4 Bd3 29.Re3 e4
30.Kf2 a4 31.b4 Rhc8 32.Rg3+ Kf5 33.Rgxg7 Kxf4 34.g3+ Ke5 35.Ke3 h6 36.b5 Rxc7
37.Rxc7 Rb8 38.Rc5+ Kd6 39.Kd4 Re8 40.Rc6+ Kd7 41.Rxf6 Be2 42.Rxh6 Bxb5 43.Nxb5 e3
44.Rd6+ Kc8 45.Rc6+ Kb7 46.Rc1  1-0

[Event "DYTM Raja Nazrin Shah Masters"]
[Site "Kuala Lumpur MAS"]
[Date "2013.06.22"]
[Round "11.1"]
[White "Tiviakov,S"]
[Black "Goh Weiming"]
[Result "1-0"]
[WhiteElo "2644"]
[BlackElo "2441"]

1.e4 e6 2.d4 d5 3.Nd2 Be7 4.Bd3 c5 5.dxc5 Nf6 6.Qe2 O-O 7.Ngf3 a5 8.O-O Na6
9.exd5 exd5 10.Nb3 Nxc5 11.Be3 Nce4 12.Nbd4 Bc5 13.h3 Re8 14.c3 Qb6 15.Rfe1 h6
16.Bb5 Re7 17.a4 Qc7 18.Nd2 Bd7 19.Bxd7 Qxd7 20.N2b3 b6 21.Qb5 Qc7 22.Nf5 Re5
23.Nxc5 Nxc5 24.Nd4 Rae8 25.b4 Ncd7 26.Qc6 Qxc6 27.Nxc6 R5e6 28.Nd4 Re4 29.bxa5 bxa5
30.Nb3 Nb6 31.Nd2 R4e6 32.Reb1 Nfd7 33.Rb5 Rc8 34.Bd4 Re2 35.Nb3 Re6 36.Rxa5 Ra8
37.Rxa8+ Nxa8 38.Nc5 Nxc5 39.Bxc5 Ra6 40.Kf1 Nc7 41.a5 Nb5 42.Bb4 d4 43.c4 Na7
44.Bc5 Nc6 45.Bb6 Kf8 46.Ke2 Ke7 47.Kd3 Nb4+ 48.Ke4 Ke6 49.Ra4 Nc6 50.Bxd4 f5+
51.Kd3 g5 52.Bb6 Kd6 53.Kc3 Ne5 54.Ra2 Nd7 55.Kb4 Kc6 56.Re2  1-0

[Event "TCh-SUI 2013"]
[Site "Switzerland SUI"]
[Date "2013.06.22"]
[Round "4.2"]
[White "Godena,M"]
[Black "Knoedler,D"]
[Result "1/2-1/2"]
[WhiteElo "2518"]
[BlackElo "2321"]

1.e4 e6 2.d4 d5 3.Nd2 Be7 4.Bd3 c5 5.dxc5 Nf6 6.Qe2 O-O 7.Ngf3 a5 8.O-O Na6
9.e5 Nd7 10.c4 Naxc5 11.Bc2 Qc7 12.Re1 Nb6 13.cxd5 exd5 14.Nd4 g6 15.N2f3 Bg4
16.Bh6 Rfe8 17.Rac1 Qd8 18.h3 Be6 19.b3 Nbd7 20.Qe3 Ra6 21.Qf4 Bf8 22.Nb5 Rb6
23.Bxf8 Rxf8 24.Nfd4 f6 25.exf6 Qxf6 26.Qxf6 Rxf6 27.Nc7 Bf7 28.Rcd1 Rfd6
29.Ncb5 Rf6 30.Nc3 Nb8 31.Ndb5 Nc6 32.a3  1/2-1/2

[Event "III Marcel Duchamp Boca Jun Op"]
[Site "Buenos Aires ARG"]
[Date "2013.06.23"]
[Round "3.11"]
[White "Paveto,K"]
[Black "Miranda,Rafael"]
[Result "1-0"]
[WhiteElo "2298"]
[BlackElo "2085"]

1.e4 e6 2.d4 d5 3.Nd2 Nc6 4.Ngf3 Nf6 5.e5 Ne4 6.Bd3 f5 7.exf6 Nxf6 8.c3 Bd6
9.Qe2 O-O 10.Ne5 Nd7 11.Ndf3 Ncxe5 12.dxe5 Be7 13.h4 Qe8 14.Qc2 Qh5 15.Ng5 Bxg5
16.g4 Bd2+ 17.Bxd2 Qxg4 18.Bxh7+ Kh8 19.h5 Nxe5 20.Be3 Qf3 21.Rh4 Qxe3+ 22.fxe3 Nf3+
23.Ke2 Nxh4 24.Rh1 Nf5 25.Bxf5 exf5 26.h6 gxh6 27.Qa4 f4 28.Qd4+ Kh7 29.Rg1  1-0

[Event "US Juniors 2013"]
[Site "Saint Louis USA"]
[Date "2013.06.23"]
[Round "9.5"]
[White "Xiong,Jeffrey"]
[Black "Harmon,L"]
[Result "1/2-1/2"]
[WhiteElo "2370"]
[BlackElo "2340"]

1.e4 e6 2.d4 d5 3.Nd2 Nc6 4.Ngf3 Nf6 5.e5 Nd7 6.Nb3 a5 7.a4 b6 8.Bb5 Ncb8
9.c3 Be7 10.h4 h6 11.Rh3 Ba6 12.Bxa6 Nxa6 13.Bf4 c5 14.h5 Qc7 15.Rg3 Bf8
16.Qe2 Qc6 17.Nfd2 c4 18.Nc1 Nc7 19.b3 cxb3 20.Ncxb3 b5 21.axb5 Qb6 22.Ra4 Nxb5
23.Qd3 Na3 24.c4 Qc6 25.Rxa5 Rxa5 26.Nxa5 Qa4 27.Nb7 dxc4 28.Qe4 Qa6 29.Nd6+ Bxd6
30.exd6 Qa4 31.Ke2 Nb5 32.d5 Nc5 33.d7+ Ke7 34.Qe3 Nd3 35.Be5 Nc1+ 36.Ke1 Nd3+
37.Ke2 Nxe5 38.Qxe5 c3 39.Rxg7 Nd4+ 40.Kd3 Qc2+ 41.Kxd4 Qxd2+ 42.Kc4 Qa2+
43.Kd3 Qd2+ 44.Kc4 Qa2+  1/2-1/2

[Event "TCh-SUI 2013"]
[Site "Switzerland SUI"]
[Date "2013.06.23"]
[Round "5.2"]
[White "Marciano,D"]
[Black "Edouard,R"]
[Result "1/2-1/2"]
[WhiteElo "2498"]
[BlackElo "2666"]

1.e4 e6 2.d4 d5 3.Nd2 Be7 4.Bd3 c5 5.dxc5 Nf6 6.Ngf3 dxe4 7.Nxe4 Nxe4 8.Bxe4 Qxd1+
9.Kxd1 Bxc5 10.Ke2 Nd7 11.Be3 Ke7 12.Rhd1 Bxe3 13.Kxe3 Nc5 14.Rd4 Nxe4 15.Kxe4 Bd7
16.Ne5 Be8 17.Rad1 f6 18.Nc4 Rc8 19.Nd6 Bg6+ 20.Ke3 Rxc2 21.Nxb7 Rc7 22.Nd6 e5
23.R4d2 Rb8 24.Ne4 Rb4 25.Nc3 Bf7 26.g3 g5 27.Rc1 Rbc4 28.Rf1 Rb7 29.f4 exf4+
30.gxf4 g4 31.f5 Rc5 32.Rf4 Re5+ 33.Re4 Rxe4+ 34.Kxe4 h5 35.Kf4 Rb4+ 36.Kg3 Rc4
37.Nd5+ Bxd5  1/2-1/2

[Event "6th Sveins Memorial"]
[Site "Oslo NOR"]
[Date "2013.06.24"]
[Round "6"]
[White "Hauge,Lars Oskar"]
[Black "Djurhuus,R"]
[Result "1/2-1/2"]
[WhiteElo "2191"]
[BlackElo "2455"]

1.e4 e6 2.d4 d5 3.Nd2 Be7 4.c3 dxe4 5.Nxe4 Nd7 6.Nf3 Ngf6 7.Nxf6+ Bxf6 8.Bd3 c5
9.O-O cxd4 10.cxd4 O-O 11.Qe2 Nb6 12.Qe4 g6 13.Bh6 Bg7 14.Bxg7 Kxg7 15.Rac1 Qd6
16.Qe5+ Qxe5 17.dxe5 Bd7 18.Be4 Bb5 19.Rfd1 Ba6 20.Rc7 Rfc8 21.Rdc1 Rxc7
22.Rxc7 Rd8 23.h4 Rd7 24.Rxd7 Nxd7 25.b4 b6 26.Bc6  1/2-1/2

[Event "66th ch-RUS HL"]
[Site "Yekaterinburg RUS"]
[Date "2013.06.24"]
[Round "5.17"]
[White "Panarin,M"]
[Black "Ulanov,A"]
[Result "1-0"]
[WhiteElo "2565"]
[BlackElo "2425"]

1.e4 e6 2.d4 d5 3.Nd2 Be7 4.Bd3 Nf6 5.e5 Nfd7 6.Qg4 Kf8 7.Ne2 c5 8.c3 Nc6
9.Nf3 h5 10.Qg3 cxd4 11.cxd4 Nb4 12.Bb1 Qc7 13.Bg5 Bxg5 14.Nxg5 Kg8 15.O-O h4
16.Qg4 Rh6 17.Rc1 Nc6 18.Rc3 f5 19.Qf4 Qd8 20.Qd2 a5 21.Bd3 Nf8 22.f4 Bd7
23.a4 Nb4 24.b3 Ng6 25.Bb5 Ne7 26.Rac1 Bc6 27.Rh3 Rc8 28.Qe1 Bxb5 29.axb5 Qe8
30.Rxc8 Qxc8 31.Rc3 Qd7 32.Qc1 Kf8 33.Rc7 Qxb5 34.Qc5 Qxc5 35.dxc5 Nbc6 36.Rxb7 Ke8
37.Kf2 Rg6 38.Nf3 Kd8 39.Ned4 Kc8 40.Rb6 Kd7 41.Rb7+ Kc8 42.Rb6 Kd7 43.Nb5 Rg4
44.Rb7+ Kd8 45.g3 g5 46.Nfd4  1-0

[Event "DC International"]
[Site "Arlington USA"]
[Date "2013.06.27"]
[Round "1.5"]
[White "Prathiba,Y"]
[Black "Holt,C"]
[Result "0-1"]
[WhiteElo "2193"]
[BlackElo "2530"]

1.e4 e6 2.d4 d5 3.Nd2 Be7 4.Bd3 c5 5.c3 cxd4 6.cxd4 Nc6 7.Ngf3 dxe4 8.Nxe4 Nf6
9.O-O O-O 10.b3 Nd5 11.a3 b6 12.b4 Bb7 13.Qe2 Rc8 14.Re1 h6 15.Bd2 Bf6 16.Rad1 Nxd4
17.Nxd4 Bxd4 18.Ng3 Qh4 19.Be4 Rfd8 20.Qf3 Bc3 21.b5 Bxd2 22.Rxd2 Rc3 23.Rd3 Rxd3
24.Bxd3 Rc8 25.Ne2 Kf8 26.Be4 Rc4 27.Ng3 Qe7 28.Qe2 Qc5 29.Bxd5 Bxd5 30.h3 Qxa3
31.Qe5 Qc3 32.Qd6+ Kg8 33.Re3 Qc1+ 34.Kh2 Rc8 35.Nf5 exf5 36.Qxd5 Qc5 37.Qd3 Qc7+
38.Kg1 Rd8 39.Qb3 Qc1+ 40.Kh2 Qd2 41.Rf3 Qd6+ 42.g3 g6 43.Qa4 Qd5 44.Ra3 Rd7
45.Re3 Qd4 46.Re8+ Kg7 47.Qc2 f4 48.g4 Qd2 49.Re2 Qxc2 50.Rxc2 Rd5 51.Rb2 Kf6
52.Kg2 Kg5 53.Ra2 Rxb5 54.Rxa7 f5 55.gxf5 Rxf5 56.Rb7 Rb5 57.Rf7 Rb4 58.Rf8 h5
59.Rf7 Kh4 60.Rf6 g5 61.Rf8 Rb3 62.Rf6 b5 63.Rb6 f3+ 64.Kh2 Rb2 65.Rf6 Rxf2+
66.Kg1 Kg3 67.Rf5 g4 68.Rxb5 Rd2 69.Rb1 Rg2+ 70.Kh1 Rh2+  0-1

[Event "DC International"]
[Site "Arlington USA"]
[Date "2013.06.28"]
[Round "4.15"]
[White "Kleinman,Michael"]
[Black "Wheeler,Cameron"]
[Result "1-0"]
[WhiteElo "2298"]
[BlackElo "2219"]

1.e4 e6 2.d4 d5 3.Nd2 Be7 4.e5 c5 5.Qg4 g5 6.Qh5 Nc6 7.Ndf3 Nxd4 8.Nxd4 cxd4
9.Bd3 Bd7 10.Nf3 Qc7 11.O-O O-O-O 12.Bxg5 f6 13.Bf4 Bc5 14.Rac1 Bc6 15.c3 dxc3
16.Rxc3 Bb4 17.Rc2 Kb8 18.a3 Bf8 19.Nd4 Qd7 20.Rfc1 Rc8 21.Bb5  1-0

[Event "III Marcel Duchamp Boca Jun Op"]
[Site "Buenos Aires ARG"]
[Date "2013.06.28"]
[Round "8.14"]
[White "Miranda,Rafael"]
[Black "Leon,Ju"]
[Result "0-1"]
[WhiteElo "2085"]
[BlackElo "2280"]

1.e4 e6 2.d4 d5 3.Nd2 Nc6 4.Ngf3 Nf6 5.e5 Nd7 6.c3 f6 7.exf6 Qxf6 8.Bd3 Bd6
9.O-O O-O 10.Nb3 e5 11.dxe5 Ndxe5 12.Ng5 Nxd3 13.Qxd3 Qf5 14.Qxf5 Bxf5 15.Nf3 Rae8
16.Be3 Be4 17.Nbd2 Bg6 18.Rfe1 a6 19.Rad1 Bh5 20.Rc1 Ne7 21.Nd4 Nf5 22.Nxf5 Rxf5
23.Nb3 b6 24.a4 Rff8 25.a5 b5 26.Bc5 Rd8 27.Bxd6 Rxd6 28.Re7 Re8 29.Rce1 Kf8
30.Rxe8+ Bxe8 31.Nc5 Kf7 32.f3 Bd7 33.Kf2 Bc8 34.Ke3 Rh6 35.h3 Rh4 36.Rd1 c6
37.Rd4 Rh6 38.Rf4+ Ke7 39.h4 Rh5 40.b4 h6 41.g3 g5 42.Rg4 Kf6 43.Rd4 Ke7
44.hxg5 hxg5 45.f4 g4 46.Rd1 Rh3 47.Rg1 Rh2 48.Re1 Kd6 49.Re2 Rh1 50.Kd2 Rg1
51.Re3 Rg2+ 52.Ke1 Rc2 53.Nb3 Rb2 54.Nd4 Bd7 55.f5 Rb1+ 56.Kd2 Rb2+ 57.Ke1 Rb1+
58.Kf2 Rb2+ 59.Re2 Rxe2+ 60.Kxe2 c5 61.bxc5+ Kxc5 62.Ke3 Kc4 63.f6 Be8 64.Kf4 b4
65.Nf5 Kxc3 66.Ne3  0-1

[Event "DC International"]
[Site "Arlington USA"]
[Date "2013.06.29"]
[Round "5.4"]
[White "Liou,Y"]
[Black "Holt,C"]
[Result "1/2-1/2"]
[WhiteElo "2381"]
[BlackElo "2530"]

1.e4 e6 2.d4 d5 3.Nd2 Be7 4.Bd3 c5 5.dxc5 Nf6 6.Qe2 O-O 7.Ngf3 a5 8.O-O Na6
9.e5 Nd7 10.c4 Ndxc5 11.Bb1 Nb4 12.Rd1 Qc7 13.Nd4 Bd7 14.b3 a4 15.Bb2 axb3
16.axb3 Rxa1 17.Bxa1 Ra8 18.Bb2 Qb6 19.h4 Nc6 20.h5 Nxd4 21.Bxd4 Qb4 22.Bxc5 Bxc5
23.Qd3 g6 24.cxd5 exd5 25.Ne4 dxe4 26.Qxd7 Rf8 27.Qg4 Qb6 28.Bxe4 Bxf2+ 29.Kh1 Re8
30.hxg6 hxg6 31.Rd6 Qb5 32.Rxg6+  1/2-1/2

[Event "DC International"]
[Site "Arlington USA"]
[Date "2013.06.29"]
[Round "6.24"]
[White "Prathiba,Y"]
[Black "Panchanatham,Vignesh"]
[Result "1-0"]
[WhiteElo "2193"]
[BlackElo "2061"]

1.e4 e6 2.d4 d5 3.Nd2 Be7 4.Bd3 c5 5.dxc5 Nf6 6.Qe2 a5 7.Ngf3 O-O 8.c3 Na6
9.e5 Nh5 10.Nb3 a4 11.Nbd4 g6 12.c6 b6 13.b4 Nc7 14.O-O f6 15.exf6 Bxf6 16.Ne5 Qd6
17.f4 Bg7 18.Bd2 Ra7 19.Rae1 Qd8 20.g4 Nf6 21.Kh1 Nce8 22.g5 Ne4 23.Bxe4 dxe4
24.Qxe4 Nd6 25.Qe2 Ba6 26.Nd3 Bxd4 27.cxd4 Bc4 28.d5 Bxd5+ 29.Kg1 Nb5 30.Ne5 Nd4
31.Qd3 Nxc6 32.Ng4 Bxa2 33.Nh6+ Kg7 34.Bc3+ e5 35.Rxe5  1-0

[Event "Klatov Open A 2013"]
[Site "Klatovy CZE"]
[Date "2013.06.29"]
[Round "1.15"]
[White "Novak,Jar"]
[Black "Dvorak,J"]
[Result "0-1"]
[WhiteElo "1900"]
[BlackElo "2227"]

1.d4 e6 2.e4 d5 3.Nd2 Be7 4.Ngf3 Nf6 5.e5 Nfd7 6.Bd3 c5 7.c3 Nc6 8.O-O g5
9.Bb5 Qb6 10.Qa4 cxd4 11.Nb3 dxc3 12.bxc3 Rg8 13.Nbd4 g4 14.Ne1 Ndxe5 15.Bf4 Bd7
16.Bxe5 Nxe5 17.Bxd7+ Nxd7 18.Nd3 Qa6 19.Qxa6 bxa6 20.Rab1 Rc8 21.Rb3 Nc5
22.Nxc5 Bxc5 23.Re1 Kd7 24.g3 Rb8 25.Kg2 Rxb3 26.axb3 Rb8 27.Ra1 Bxd4 28.cxd4 Rb6
29.Ra3 Kc6 30.h3 h5 31.hxg4 hxg4 32.f3 gxf3+ 33.Kxf3 Kb5 34.Ra4 Rc6 35.Kf4 Rc3
36.Ra3 Rd3  0-1

[Event "22nd Anderssen Mem Eliminacje"]
[Site "Wroclaw POL"]
[Date "2013.06.29"]
[Round "3"]
[White "Dmochowska,A"]
[Black "Dowgird,F"]
[Result "0-1"]
[WhiteElo "1819"]
[BlackElo "2154"]

1.e4 e6 2.d4 d5 3.Nd2 Nc6 4.Ngf3 Nf6 5.e5 Nd7 6.c3 f6 7.exf6 Qxf6 8.Bd3 e5
9.O-O Bd6 10.Re1 O-O 11.dxe5 Ndxe5 12.Bc2 Bg4 13.Bb3 Ne7 14.Ne4 Nxf3+ 15.gxf3 Bxh2+
16.Kxh2 Qh4+ 17.Kg1 Bxf3  0-1

[Event "12th ROC Nova Open"]
[Site "Haarlem NED"]
[Date "2013.06.30"]
[Round "5.4"]
[White "Van der Wiel,J"]
[Black "Van der Lende,I"]
[Result "1-0"]
[WhiteElo "2428"]
[BlackElo "2198"]

1.e4 e6 2.d4 d5 3.Nd2 Nc6 4.Ngf3 Nf6 5.e5 Nd7 6.Be2 f6 7.exf6 Qxf6 8.Nf1 Bd6
9.Ne3 b6 10.O-O Bb7 11.c4 Ne7 12.Ng4 Qf5 13.Ne3 Qf6 14.Ng4 Qf5 15.Ng5 h5
16.Ne5 Nxe5 17.dxe5 Qxe5 18.Bxh5+ g6 19.f4 Bc5+ 20.Kh1 Qf6 21.Bg4 Nf5 22.Bxf5 Qxf5
23.b4 Be7 24.Qa4+ c6 25.Bb2 Rh4 26.cxd5 exd5 27.Rae1 Rxf4 28.Rxf4 Qxf4 29.Nf3 a5
30.Qc2 axb4 31.Qxg6+ Qf7 32.Qg5 Bc8 33.Bf6 Be6 34.Bxe7 Qxe7 35.Qh6 Kd7 36.Ne5+ Kc7
37.Nxc6 Qd7 38.Rxe6 b3 39.Re7 Qxe7 40.Nxe7 bxa2 41.Qc6+  1-0

[Event "Karvina Open 2013"]
[Site "Karvina CZE"]
[Date "2013.06.30"]
[Round "2.10"]
[White "Olsar,J"]
[Black "Borovicka,B"]
[Result "1-0"]
[WhiteElo "2279"]
[BlackElo "2000"]

1.e4 e6 2.d4 d5 3.Nd2 a6 4.Ngf3 c5 5.c3 cxd4 6.cxd4 Nc6 7.Bd3 Nb4 8.Bb1 dxe4
9.Nxe4 Be7 10.O-O Nd5 11.Nc3 Ngf6 12.Qd3 b5 13.Re1 Bb7 14.Bg5 h6 15.Bd2 Nb4
16.Qe2 O-O 17.a3 Nbd5 18.Qd3 b4 19.Nxd5 Bxd5 20.Ne5 bxa3 21.bxa3 Bd6 22.Ng4 Re8
23.Ne5 Re7 24.h3 Rb7 25.Bc2 Qb8 26.Ng4 Nxg4 27.Qh7+ Kf8 28.hxg4 Ke7 29.Qxg7 Qg8
30.Qxg8 Rxg8 31.Be4 Bxe4 32.Rxe4 Rg6 33.d5 Rb2 34.Bb4 e5 35.Rxe5+ Kd7 36.Rf5 Bxb4
37.axb4 Rxb4 38.Rxf7+ Ke8 39.Ra7 Rbxg4 40.Rb1 Rd6 41.Rh7 Rg8 42.Rb8+ Rd8
43.Rxd8+ Kxd8 44.Rxh6 Rg5 45.Rxa6  1-0

[Event "Klatov Open A 2013"]
[Site "Klatovy CZE"]
[Date "2013.06.30"]
[Round "2.18"]
[White "Vesely,Roman1"]
[Black "Turner,R"]
[Result "1/2-1/2"]
[WhiteElo "1899"]
[BlackElo "2114"]

1.e4 e6 2.d4 d5 3.Nd2 Nc6 4.Ngf3 Nf6 5.e5 Nd7 6.c3 f6 7.exf6 Qxf6 8.Bb5 Bd6
9.O-O O-O 10.Nb3 h6 11.Be2 Nb6 12.Be3 Ne7 13.Nbd2 Nd7 14.b3 c6 15.c4 Nf5
16.Qc2 Bc7 17.Rad1 Bb6 18.Nb1 Bc7 19.Nc3 Qe7 20.Bc1 Bd6 21.Bd3 Qf6 22.Ne2 Kh8
23.Bb2 Nh4 24.Nxh4 Qxh4 25.Ng3 Nf6 26.Be2 Bd7 27.Qd3 Ng4 28.Bxg4 Qxg4 29.Ne2 Qh4
30.g3 Qh3 31.f4 Rf5 32.Rf2 Raf8 33.Bc1 h5 34.Rg2 Qg4 35.c5 Bc7 36.a4 R5f6
37.b4 Qf5 38.Qxf5 exf5 39.Nc3 Re6 40.Re2 Rxe2 41.Nxe2 a5 42.Bd2 axb4 43.Bxb4 Ra8
44.Ra1 Kg8 45.Kf2 Kf7 46.Nc1 Kf6 47.h4 Ra6 48.a5 Bc8 49.Nb3 Bd8 50.Re1 Kf7
51.Re2 Be6 52.Re1 Bc8 53.Ra1 Bf6 54.Bc3 Bd7 55.Kf3 Ra8 56.Re1 Bd8 57.Ra1 Bc7
58.Kf2 Be6 59.Kf3 Ke7 60.Kf2 Kd7  1/2-1/2

[Event "Klatov Open A 2013"]
[Site "Klatovy CZE"]
[Date "2013.07.01"]
[Round "3.8"]
[White "Folk,P"]
[Black "Miesbauer,Jan"]
[Result "1/2-1/2"]
[WhiteElo "2221"]
[BlackElo "1923"]

1.e4 e6 2.d4 d5 3.Nd2 Be7 4.Bd3 c5 5.dxc5 Nf6 6.Qe2 Nc6 7.Ngf3 O-O 8.O-O Qc7
9.Nb3 dxe4 10.Bxe4 Nxe4 11.Qxe4 e5 12.Ng5 Bxg5 13.Bxg5 Be6 14.f3 f6 15.Bh4 Rfd8
16.Rad1 a5 17.c3 Rd7 18.Qe2 Rad8 19.Bf2 a4 20.Nd4 Nxd4 21.cxd4 Bxa2 22.dxe5 Qxe5
23.Rxd7 Rxd7 24.Qxe5 fxe5 25.Ra1 Bb3 26.Be3 Kf7 27.Kf2 e4  1/2-1/2

[Event "IsBank TCh-TUR 2013"]
[Site "Denizli TUR"]
[Date "2013.07.02"]
[Round "4.4"]
[White "Isik,E"]
[Black "Mammadova,G"]
[Result "0-1"]
[WhiteElo "2215"]
[BlackElo "2322"]

1.e4 e6 2.d4 d5 3.Nd2 Nc6 4.Ngf3 Nf6 5.e5 Nd7 6.Nb3 a5 7.a4 b6 8.h4 h6 9.h5 Ne7
10.Nh4 c5 11.Bb5 Qc7 12.Be3 cxd4 13.Bxd4 Nc6 14.O-O Be7 15.Qg4 Nxd4 16.Qxg7 Rf8
17.Nxd4 Bxh4 18.Ra3 Be7 19.Rc3 Bc5 20.Re1 Qd8 21.Nf5 Qg5 22.Rxc5 bxc5 23.Nd6+ Ke7
24.Qh7 Nxe5 25.f4 Qxf4 26.Nxc8+ Raxc8 27.Qg7 Nf3+  0-1

[Event "IsBank TCh-TUR 2013"]
[Site "Denizli TUR"]
[Date "2013.07.03"]
[Round "5.3"]
[White "Sebag,M"]
[Black "Nevednichy,V"]
[Result "1-0"]
[WhiteElo "2527"]
[BlackElo "2580"]

1.e4 e6 2.d4 d5 3.Nd2 Be7 4.Bd3 c5 5.dxc5 Nf6 6.Qe2 O-O 7.Ngf3 a5 8.O-O Na6
9.e5 Nd7 10.c4 Naxc5 11.Bc2 dxc4 12.a4 b6 13.Nxc4 Ba6 14.b3 Qc7 15.Ba3 Rfd8
16.Qe3 Nf8 17.Rfc1 Rac8 18.h4 h6 19.Qf4 Rd7 20.Bb2 Rcd8 21.h5 Qb8 22.Qg4 Bb7
23.Nd4 Bd5 24.Ne3 Qxe5 25.Nxd5 Rxd5 26.Nc6 Qxb2 27.Nxe7+ Kh8 28.Nxd5 Rxd5
29.Qf4 Kg8 30.Rab1 Qd4 31.Qxd4 Rxd4 32.Rd1 Rb4 33.Rd8 f5 34.Rbd1 Kf7 35.R8d4 Rxd4
36.Rxd4 Nfd7 37.b4 axb4 38.Rxb4 Ke7 39.Kf1 Kd6 40.Ke2 Kc6 41.g4 Nf6 42.gxf5 Nxh5
43.fxe6 Nxe6 44.Be4+ Kc7 45.Rc4+ Nc5 46.a5 Nf6 47.Bf3 Nd7 48.axb6+ Kxb6 49.Rg4 g5
50.Rg1 Nf6 51.Ke3 Kc7 52.Rh1 Kd6 53.Rxh6 Ke5 54.Rh1 Ne8 55.Rg1 Kf6 56.Rc1 Ne6
57.Rc6 Ke5 58.Bg4 Nf4 59.Rc5+ Kf6 60.Rf5+ Kg6 61.Ra5 Nf6 62.Ra6 Kg7 63.Bf5 N4d5+
64.Kd4 Ne7 65.Ke5 Ne8 66.Bd7 Kf7 67.Bxe8+ Kxe8 68.Ke4  1-0

[Event "4th AIMAG Women"]
[Site "Incheon KOR"]
[Date "2013.07.03"]
[Round "7.8"]
[White "Medina,W"]
[Black "Lkhamsuren,U"]
[Result "1/2-1/2"]
[WhiteElo "2286"]
[BlackElo "2104"]

1.e4 e6 2.d4 d5 3.Nd2 a6 4.Ngf3 c5 5.exd5 exd5 6.dxc5 Bxc5 7.Bd3 Nf6 8.O-O O-O
9.h3 Nc6 10.Nb3 Bb6 11.c3 Re8 12.Re1 Ne4 13.Be3 Bc7 14.Bc2 Bf5 15.Nc5 Rb8
16.Bb3 Ne7 17.c4 Qd6 18.Nxe4 Bxe4 19.c5 Qg6 20.Nh4 Qf6 21.f3 Qxh4 22.fxe4 dxe4
23.Bxf7+ Kh8 24.Bxe8 Qg3 25.Qd7 Ng6 26.Bxg6 hxg6 27.Qf7 Rd8 28.Qf2 Qh2+ 29.Kf1 Kg8
30.Ke2 Qe5 31.g3 Qh5+ 32.Kf1 Rf8 33.Bf4 g5 34.Rxe4 gxf4 35.gxf4 Qxh3+ 36.Ke2 Rd8
37.Rd4 Qh5+ 38.Kd2 Ba5+ 39.Kd3 Qf5+ 40.Kc4 Qe6+ 41.Kd3 Qf5+ 42.Kc4 Qe6+ 43.Kd3 Qf5+
44.Kc4 Qe6+  1/2-1/2

[Event "Bornholm WIM 2013"]
[Site "Ronne DEN"]
[Date "2013.07.03"]
[Round "3.5"]
[White "Bhatia,K"]
[Black "Toth,Li"]
[Result "0-1"]
[WhiteElo "2034"]
[BlackElo "2161"]

1.e4 e6 2.d4 d5 3.Nd2 Be7 4.Ngf3 Nf6 5.e5 Nfd7 6.Bd3 c5 7.c3 Nc6 8.O-O g5
9.dxc5 g4 10.Nd4 Ndxe5 11.Bb5 Bd7 12.N2b3 h5 13.Re1 Qc7 14.Bf4 f6 15.Qe2 O-O-O
16.Nxc6 bxc6 17.Ba6+ Kb8 18.Qe3 Ka8 19.Qd4 Rde8 20.Rxe5 Qd8 21.Qb4 Qb8 22.Re4 e5
23.Na5 Qxb4 24.Rxb4 Bxc5 25.Bb7+ Kb8 26.Rb3 Kc7 27.Be3 Bb6 28.Ra3 Bxa5 29.Rxa5 Kxb7
30.Rxa7+ Kc8 31.Bb6 Rh7 32.Rc7+ Kb8 33.Ra7 Bf5 34.Rxh7 Bxh7 35.a4 Kb7 36.a5 h4
37.Rd1 h3 38.g3 Be4 39.Kf1 f5 40.Be3 Ka6 41.b4 Rf8 42.Bc5 Rf6 43.Be7 Re6
44.Bg5 c5 45.bxc5 Kxa5 46.Be3 Kb5 47.Ke1 Kc4 48.Ra1 Kxc3 49.Rc1+ Bc2 50.Ra1 d4
51.Bd2+ Kc4 52.Ra5 Rc6 53.Ke2 Bd3+ 54.Kd1 Rxc5 55.Rxc5+ Kxc5 56.Bg5 Kd5 57.Kd2 Ke4
58.Bf6 Ba6 59.Ke1 d3 60.Bg7 Kf3 61.Bxe5 d2+ 62.Kxd2 Kg2 63.Ke3 Kxh2 64.f3 Kg2  0-1

[Event "36th Barbera Open"]
[Site "Barbera del Valles ESP"]
[Date "2013.07.04"]
[Round "1.23"]
[White "Alonso Moyano,J"]
[Black "Fernandez Diaz,Cr"]
[Result "1-0"]
[WhiteElo "2420"]
[BlackElo "2144"]

1.e4 e6 2.d4 d5 3.Nd2 Nc6 4.Ngf3 Nf6 5.e5 Nd7 6.Nb3 a5 7.a4 b6 8.Bf4 Be7
9.h4 Ba6 10.Bxa6 Rxa6 11.h5 h6 12.Qd2 Ra8 13.Rh3 Qc8 14.Rg3 Kf8 15.Ng1 Qa6
16.Qd1 Kg8 17.Qg4 Bf8 18.Bd2 b5 19.axb5 Qxb5 20.Bc3 Nb4 21.Kd2 a4 22.Nc1 Nb6
23.Nge2 c5 24.dxc5 Qxc5 25.Qxb4 Nc4+ 26.Ke1 Qxb4 27.Bxb4 Bxb4+ 28.c3 Be7
29.Nd3 Kh7 30.Kd1 Rhb8 31.Kc2 Ra6 32.Nd4 Rab6 33.Ra2 R8b7 34.f4 Bd8 35.Rf3 Bc7
36.Nb4 Ra7 37.Kd3 f6 38.exf6 gxf6 39.b3 e5 40.Nxd5 Nd6 41.Nxf6+ Kg7 42.fxe5 Nf7
43.Rg3+ Ng5 44.Ne8+ Kf7 45.Nxc7 axb3 46.Rxa7 b2 47.Ncb5+  1-0

[Event "IsBank TCh-TUR 2013"]
[Site "Denizli TUR"]
[Date "2013.07.04"]
[Round "7.4"]
[White "Yildiz,B"]
[Black "Haznedaroglu,K"]
[Result "1/2-1/2"]
[WhiteElo "2285"]
[BlackElo "2427"]

1.e4 e6 2.d4 d5 3.Nd2 Nc6 4.Ngf3 Nf6 5.e5 Nd7 6.Bd3 f6 7.exf6 Qxf6 8.Nf1 e5
9.Ne3 exd4 10.Nxd5 Qe6+ 11.Qe2 Qxe2+ 12.Kxe2 Bd6 13.Ng5 Nf6 14.Nxf6+ gxf6
15.Ne4 Be7 16.Re1 Ne5 17.Bf4 Kf7 18.Ng5+ Kg7 19.Kf1 Bd6 20.Bxe5 fxe5 21.Nf3 Kf6
22.Re2 Bd7 23.Rae1 Rae8 24.Re4 Re7 25.Rh4 h5 26.Nd2 Rg7 27.Ne4+ Kf7 28.Bc4+ Ke7
29.Ng3 Rg4 30.Rxh5 Rxh5 31.Nxh5 Rh4 32.Ng3 Rxh2 33.f4 Kf6 34.Ne4+ Kg7 35.Kg1 Rh4
36.Nxd6 cxd6 37.fxe5 dxe5 38.Rxe5 Kf6 39.Re1 Bc6 40.Be2 Be4 41.Bd3 Bd5 42.Kf2 Rh8
43.Be4 Be6 44.b3 Rc8 45.Ke2 b6 46.Kd2 Rg8 47.Kd3 Rd8 48.Rh1 a5 49.Rh6+ Ke5
50.g4 a4 51.Bf5 Bxf5+ 52.gxf5 Rg8 53.Re6+ Kd5 54.c4+ dxc3 55.Kxc3 Rg2 56.bxa4 Rxa2
57.Kb3 Ra1 58.Re8 Rb1+ 59.Kc3 Rc1+ 60.Kb2 Rf1 61.Rf8 Ke5 62.Rb8 Rxf5 63.Rxb6 Rf3
64.a5 Kd5 65.a6 Rf8 66.Kb3 Kc5 67.Rb7 Ra8  1/2-1/2

[Event "Bornholm WIM 2013"]
[Site "Ronne DEN"]
[Date "2013.07.04"]
[Round "4.3"]
[White "Gasik,An"]
[Black "Vovk,Ok"]
[Result "1-0"]
[WhiteElo "2205"]
[BlackElo "2151"]

1.e4 e6 2.d4 d5 3.Nd2 Nc6 4.Ngf3 Nf6 5.e5 Nd7 6.Bb5 a6 7.Bxc6 bxc6 8.O-O c5
9.dxc5 Nxc5 10.Nd4 Bb7 11.Qg4 h5 12.Qg3 Ne4 13.Nxe4 dxe4 14.Be3 Qe7 15.Nb3 Bd5
16.Rfd1 f6 17.Na5 O-O-O 18.a3 h4 19.Qg4 f5 20.Qe2 Bb7 21.Qc4 f4 22.Nxb7 Rxd1+
23.Rxd1 fxe3 24.Nd6+ Kb8 25.Qb4+ Ka7 26.Qb7+  1-0

[Event "Klatov Open A 2013"]
[Site "Klatovy CZE"]
[Date "2013.07.05"]
[Round "7.5"]
[White "Vlasak,Lu"]
[Black "Dvorak,J"]
[Result "1-0"]
[WhiteElo "2296"]
[BlackElo "2227"]

1.e4 e6 2.d4 d5 3.Nd2 Be7 4.Bd3 c5 5.dxc5 Nf6 6.Qe2 Nc6 7.Ngf3 Bxc5 8.O-O O-O
9.a3 Be7 10.Re1 Kh8 11.Rb1 a6 12.b4 Qc7 13.Bb2 b5 14.e5 Nd7 15.Nb3 Nb6 16.Nbd4 Nc4
17.Bc1 Nxd4 18.Nxd4 Qb6 19.c3 Bd7 20.Qh5 g6 21.Qh6 Rg8 22.Bxc4 bxc4 23.Re3 Bc6
24.Qxh7+  1-0

[Event "41st Annual World Open"]
[Site "Arlington USA"]
[Date "2013.07.06"]
[Round "6.10"]
[White "Bryant,J"]
[Black "Shulman,Y"]
[Result "0-1"]
[WhiteElo "2415"]
[BlackElo "2542"]

1.e4 e6 2.d4 d5 3.Nd2 a6 4.g3 c5 5.exd5 exd5 6.Bg2 Nf6 7.Ngf3 Nc6 8.O-O cxd4
9.Nb3 Be7 10.Nbxd4 O-O 11.h3 Re8 12.c3 Bd7 13.Re1 Rc8 14.Qc2 Qb6 15.Be3 Bc5
16.Re2 Ne4 17.Rae1 h6 18.Qc1 Qc7 19.Qd1 Bf8 20.Nc2 Qa5 21.Qb1 Bf5 22.Nfd4 Bg6
23.a3 Ne5 24.Qa2 Red8 25.Kh2 Bd6 26.Nb4 Bxb4 27.cxb4 Qa4 28.f3 Nf6 29.b3 Qd7
30.f4 Nc6 31.Nxc6 Rxc6 32.Bd4 Ne4 33.Qb2 f6 34.Rc1 Rdc8 35.Rec2 Kh7 36.Rxc6 Rxc6
37.Rxc6 Qxc6 38.Be3 Qb5 39.Qd4 Qe2 40.g4 h5 41.Qxd5 Qxe3 42.f5 Qg3+ 43.Kg1 Qf2+
44.Kh2 Be8  0-1